Pomoc zdravotne postihnutým osobám. Garancia demokratickej spoločnosti.
Sociálne garancie ako nevyhnutný prvok sociálne spravodlivej demokratickej spoločnosti. Význam sociálnej pomoci ako súčasti náhradných zdrojov svojbytnosti a bezpečnosti občana. Zvýšená pomoc zdravotne handicapovaným občanom. Postupné zaradenie zdravotne postihnutých občanov k opätovnému začleneniu...
Na minha lista:
| Autor principal: | |
|---|---|
| Formato: | Capítulo de Livro |
| Idioma: | eslovaco |
| Assuntos: | |
| Tags: |
Sem tags, seja o primeiro a adicionar uma tag!
|
MARC
| LEADER | 00000naa a2200000 4500 | ||
|---|---|---|---|
| 001 | r013462 | ||
| 005 | 20221213123146.2 | ||
| 041 | 0 | |a slo | |
| 044 | |a SK | ||
| 245 | 1 | 0 | |a Pomoc zdravotne postihnutým osobám. |b Garancia demokratickej spoločnosti. |c Alena Krausová |
| 520 | |a Sociálne garancie ako nevyhnutný prvok sociálne spravodlivej demokratickej spoločnosti. Význam sociálnej pomoci ako súčasti náhradných zdrojov svojbytnosti a bezpečnosti občana. Zvýšená pomoc zdravotne handicapovaným občanom. Postupné zaradenie zdravotne postihnutých občanov k opätovnému začleneniu do tvorivej práce, vytváranie priestoru na individuálnu aktivitu. Postupné vytváranie sociálnej a ekonomickej rovnováhy. | ||
| 610 | 2 | 0 | |a invalidi |
| 610 | 2 | 0 | |a pomoc sociálna |
| 610 | 2 | 0 | |a resocializácia |
| 610 | 2 | 0 | |a aktivita pracovná |
| 610 | 2 | 0 | |a demokracia |
| 100 | 1 | |a Krausová, Alena | |